[Event "URU-chT2"]
[Site "Montevideo"]
[Date "2023.07.22"]
[Round "2.1"]
[White "Ibanez, Marcelo"]
[Black "Errazola, Mauricio"]
[Result "0-1"]
[WhiteElo "1956"]
[BlackElo "1705"]
[PlyCount "108"]
[EventDate "2023.07.21"]
[EventType "team-tourn"]
[EventRounds "5"]
[EventCountry "URU"]
[SourceTitle "EXT 2024"]
[Source "ChessBase"]
[SourceDate "2023.10.10"]
[SourceVersion "1"]
[SourceVersionDate "2023.10.10"]
[SourceQuality "1"]
[WhiteTeam "Trebejos IV"]
[BlackTeam "Enroque Largo"]
[WhiteTeamCountry "URU"]
[BlackTeamCountry "URU"]

1. c4 e5 2. g3 f5 3. Bg2 Nf6 4. Nc3 Bc5 5. d3 d6 6. Nf3 0-0 7. 0-0 Bd7 8. a3 a5 9. Rb1 Nc6 10. Bg5 Ne7 11. b4 axb4 12. axb4 Bb6 13. Qb3 c5 14. b5 Ba5 15. Na4 b6 16. Ne1 Ra7 17. Nc2 f4 18. gxf4 h6 19. fxe5 hxg5 20. exf6 Rxf6 21. Rbd1 Qc8 22. d4 Rh6 23. dxc5 dxc5 24. Rd3 Ng6 25. Ne3 Nf4 26. Nd5 Nxe2+ 27. Kh1 Qb8 28. Rg3 Nxg3+ 29. fxg3 Bh3 30. Bxh3 Rxh3 31. Qe3 Rh6 32. Qxg5 Qd6 33. Qf5 Qxg3 34. Qf8+ Kh7 35. Nf6+ gxf6 36. Qxh6+ Kxh6 37. hxg3 Kg5 38. Rd1 Kg4 39. Rd6 Kxg3 40. Rxf6 Bd2 41. Rg6+ Kh3 42. Rd6 Rxa4 43. Rd3+ Kg4 44. Rxd2 Rxc4 45. Rd6 Kg3 46. Rg6+ Kf2 47. Rf6+ Ke3 48. Rxb6 Rb4 49. Re6+ Kd2 50. b6 c4 51. Kg2 c3 52. Rd6+ Kc1 53. Kf2 c2 54. Ke2 Kb1 0-1

[Event "URU-chT2"]
[Site "Montevideo"]
[Date "2023.07.21"]
[Round "1.2"]
[White "Ibanez, Marcelo"]
[Black "Sander, Marcos"]
[Result "1-0"]
[WhiteElo "1956"]
[BlackElo "1828"]
[PlyCount "72"]
[EventDate "2023.07.21"]
[EventType "team-tourn"]
[EventRounds "5"]
[EventCountry "URU"]
[SourceTitle "EXT 2024"]
[Source "ChessBase"]
[SourceDate "2023.10.10"]
[SourceVersion "1"]
[SourceVersionDate "2023.10.10"]
[SourceQuality "1"]
[WhiteTeam "Trebejos IV"]
[BlackTeam "Cerro Nau64"]
[WhiteTeamCountry "URU"]
[BlackTeamCountry "URU"]

1. c4 c5 2. g3 g6 3. Bg2 Bg7 4. Nc3 Nc6 5. Nf3 Nf6 6. 0-0 0-0 7. e4 d6 8. h3 a6 9. d3 h6 10. Rb1 Rb8 11. Be3 Re8 12. Qd2 Kh7 13. Ne1 Nd4 14. b4 e5 15. b5 axb5 16. Bxd4 cxd4 17. Nxb5 Qe7 18. Qb4 Bf8 19. Nc2 Be6 20. Kh2 Qd7 21. Qd2 Ra8 22. a3 Rec8 23. f4 Bg7 24. f5 gxf5 25. exf5 Bxf5 26. Rxf5 Qxf5 27. Nxd6 Qd7 28. Nxc8 Rxc8 29. Rxb7 Rc7 30. Rb5 Qd6 31. Qf2 Re7 32. c5 Qd7 33. Rb7 Qe6 34. Nxd4 exd4 35. Rxe7 Qc8 36. c6 Ne8 1-0

[Event "Punta del Este Barla Memorial 2nd"]
[Site "Punta del Este"]
[Date "2023.03.18"]
[Round "2"]
[White "Cano, Carlos2222"]
[Black "Ibanez, Marcelo"]
[Result "1/2-1/2"]
[WhiteElo "1652"]
[BlackElo "1967"]
[PlyCount "82"]
[EventDate "2023.03.17"]
[EventType "swiss"]
[EventRounds "5"]
[EventCountry "URU"]
[SourceTitle "EXT 2024"]
[Source "ChessBase"]
[SourceDate "2023.10.10"]
[SourceVersion "1"]
[SourceVersionDate "2023.10.10"]
[SourceQuality "1"]

1. e4 d6 2. d4 Nf6 3. Nc3 g6 4. Be2 Bg7 5. Be3 a6 6. Nf3 0-0 7. 0-0 b5 8. a3 Bb7 9. e5 Ng4 10. h3 Nxe3 11. fxe3 dxe5 12. Nxe5 Bxe5 13. dxe5 Nc6 14. Bf3 Rb8 15. e6 fxe6 16. Qxd8 Rfxd8 17. Rad1 Rxd1 18. Rxd1 Rd8 19. Rxd8+ Nxd8 20. Bxb7 Nxb7 21. Kf2 Nd6 22. b3 c5 23. a4 b4 24. Nb1 e5 25. Kf3 Kf7 26. e4 c4 27. Nd2 c3 28. Nf1 Nc4 29. Ke2 Na5 30. Ne3 e6 31. Ng4 Nc6 32. Kd3 Ke7 33. Ne3 h5 34. g4 hxg4 35. Nxg4 Kd6 36. Nh6 Kc5 37. Nf7 Kb6 38. Ng5 Nd8 39. Nf3 Nf7 40. h4 Kc5 41. Ng5 Nxg5 1/2-1/2

[Event "Montevideo Duchamp Cup 6th"]
[Site "Montevideo"]
[Date "2023.02.11"]
[Round "9"]
[White "Ibanez, Marcelo"]
[Black "Ressia, Lorenzo"]
[Result "1-0"]
[WhiteElo "1971"]
[BlackElo "1792"]
[PlyCount "109"]
[EventDate "2023.02.03"]
[EventType "swiss"]
[EventRounds "9"]
[EventCountry "URU"]
[SourceTitle "CBM 212 Extra"]
[Source "ChessBase"]
[SourceDate "2023.03.31"]
[SourceVersion "1"]
[SourceVersionDate "2023.03.31"]
[SourceQuality "1"]

1. d4 Nf6 2. c4 e6 3. g3 Bb4+ 4. Nd2 0-0 5. Bg2 d5 6. Qb3 Be7 7. Ngf3 Nbd7 8. 0-0 c6 9. Re1 b6 10. Qa4 Bb7 11. Ne5 Nxe5 12. dxe5 Nd7 13. cxd5 cxd5 14. Nf3 Nc5 15. Qg4 Re8 16. Bh6 Bf8 17. Bg5 Be7 18. h4 Ne4 19. Rad1 Nxg5 20. hxg5 Rc8 21. e3 Rc2 22. Bf1 Rxb2 23. Bd3 g6 24. Kg2 d4 25. e4 h5 26. Qf4 Kg7 27. Bc4 Qc7 28. Rxd4 Rd8 29. Bb3 Rxd4 30. Nxd4 Rxb3 31. axb3 Qd8 32. Nf3 a5 33. Re2 Qa8 34. Qe3 Bc5 35. Qf4 Be7 36. g4 h4 37. Nxh4 b5 38. Rd2 Bxe4+ 39. f3 Bd5 40. Rd4 Qd8 41. Nf5+ gxf5 42. gxf5 Bc5 43. f6+ Kf8 44. Rd1 Ke8 45. g6 fxg6 46. Rh1 Kd7 47. Rh7+ Kc6 48. Rg7 Bxb3 49. f7 Bf8 50. Rxg6 a4 51. Qe4+ Kb6 52. Qe3+ Bc5 53. Rg8 Bxe3 54. Rxd8 Bc5 55. Rd6+ 1-0

[Event "Florianopolis op 9th"]
[Site "Florianopolis"]
[Date "2023.01.29"]
[Round "10"]
[White "Sanchez, Ivan Roberto"]
[Black "Ibanez, Marcelo"]
[Result "0-1"]
[WhiteElo "1731"]
[BlackElo "2014"]
[PlyCount "78"]
[EventDate "2023.01.23"]
[EventType "swiss"]
[EventRounds "10"]
[EventCountry "BRA"]
[SourceTitle "CBM 212 Extra"]
[Source "ChessBase"]
[SourceDate "2023.03.31"]
[SourceVersion "1"]
[SourceVersionDate "2023.03.31"]
[SourceQuality "1"]

1. d4 Nf6 2. c4 e6 3. g3 d5 4. Nf3 c5 5. Bg2 Nc6 6. cxd5 exd5 7. 0-0 Be6 8. Nbd2 Be7 9. Qc2 Nb4 10. Qb1 Qc8 11. Ng5 Bf5 12. e4 dxe4 13. Ngxe4 cxd4 14. Nxf6+ gxf6 15. Be4 Nc2 16. Bxf5 Qxf5 17. a3 d3 18. Ra2 0-0 19. Nc4 Rac8 20. Ne3 Qe4 21. b4 Rfd8 22. Ng2 d2 23. Bb2 Qf3 24. Nh4 d1Q 25. Nxf3 Qxf3 26. Bxf6 Bxf6 27. Rxc2 Rxc2 28. Qxc2 Qxa3 29. Qe4 Qa6 30. h4 Qc6 31. Qg4+ Bg7 32. Qf5 Qd5 33. Qc2 Bf8 34. Qe2 a6 35. h5 h6 36. Rc1 Qe6 37. Qc4 Rd1+ 38. Kg2 Rxc1 39. Qxc1 Qc6+ 0-1

[Event "Florianopolis op 9th"]
[Site "Florianopolis"]
[Date "2023.01.28"]
[Round "9"]
[White "Ibanez, Marcelo"]
[Black "Eger, Laura Luisa"]
[Result "0-1"]
[WhiteElo "2014"]
[BlackElo "1800"]
[PlyCount "64"]
[EventDate "2023.01.23"]
[EventType "swiss"]
[EventRounds "10"]
[EventCountry "BRA"]
[SourceTitle "CBM 212 Extra"]
[Source "ChessBase"]
[SourceDate "2023.03.31"]
[SourceVersion "1"]
[SourceVersionDate "2023.03.31"]
[SourceQuality "1"]

1. e4 e5 2. Nf3 Nc6 3. Bc4 Bc5 4. 0-0 Nf6 5. Re1 d6 6. c3 a6 7. h3 Ba7 8. a4 0-0 9. d3 h6 10. Nbd2 Be6 11. b4 Nh7 12. Qb3 Qf6 13. Bxe6 fxe6 14. b5 axb5 15. axb5 Bxf2+ 16. Kxf2 Rxa1 17. bxc6 bxc6 18. Nf1 c5 19. N1h2 Rfa8 20. Ng4 Qe7 21. Kg3 Nf6 22. Ne3 Nh5+ 23. Kh2 Nf4 24. Nf5 Qf7 25. Bxf4 exf4 26. Rxa1 Rxa1 27. Qb8+ Kh7 28. N3h4 exf5 29. Nxf5 Re1 30. d4 cxd4 31. cxd4 Rxe4 32. Qb5 d5 0-1

[Event "Florianopolis op 9th"]
[Site "Florianopolis"]
[Date "2023.01.24"]
[Round "2"]
[White "Rodriguez, Emiliano"]
[Black "Ibanez, Marcelo"]
[Result "0-1"]
[WhiteElo "1364"]
[BlackElo "2014"]
[PlyCount "102"]
[EventDate "2023.01.23"]
[EventType "swiss"]
[EventRounds "10"]
[EventCountry "BRA"]
[SourceTitle "CBM 212 Extra"]
[Source "ChessBase"]
[SourceDate "2023.03.31"]
[SourceVersion "1"]
[SourceVersionDate "2023.03.31"]
[SourceQuality "1"]

1. e4 d6 2. Nc3 g6 3. g3 Bg7 4. Bg2 Nf6 5. d3 c6 6. f4 e5 7. Nf3 Bg4 8. h3 Bxf3 9. Qxf3 Nbd7 10. 0-0 a5 11. f5 Qc7 12. g4 h6 13. Be3 g5 14. Qf2 h5 15. gxh5 Rxh5 16. Qg3 Bh6 17. Bf3 Rh4 18. Kh2 0-0-0 19. Bxg5 Bxg5 20. Qxg5 Rdh8 21. Bg2 Qb6 22. b3 Ng4+ 23. Kg3 Ne3 24. Rf3 Nxg2 25. Kxg2 Qd4 26. Qd2 Nf6 27. Rh1 Rg8+ 28. Rg3 Rxg3+ 29. Kxg3 Rxe4 30. Qg5 Rf4 31. Nd1 Qd5 32. Kh2 Nd7 33. Qg2 Qc5 34. Rg1 Rxf5 35. Kh1 Kc7 36. h4 Rf4 37. Qg3 Qd4 38. Rg2 Rxh4+ 39. Rh2 Rg4 40. Qf2 Qd5+ 41. Rg2 Rf4 42. Qe1 b6 43. Kg1 Nf6 44. Ne3 Qd4 45. Kh1 Rh4+ 46. Rh2 Rxh2+ 47. Kxh2 Qxe3 48. Qf1 Ng4+ 49. Kg2 Qf4 50. Qe1 Ne3+ 51. Kg1 Qg4+ 0-1

[Event "Montevideo Wednesday at the Mystery 1st"]
[Site "Montevideo"]
[Date "2021.10.13"]
[Round "3"]
[White "Duarte, Horacio"]
[Black "Ibanez, Marcelo"]
[Result "0-1"]
[WhiteElo "1528"]
[BlackElo "2009"]
[PlyCount "52"]
[EventDate "2021.09.29"]
[EventType "swiss"]
[EventRounds "5"]
[EventCountry "URU"]
[SourceTitle "EXT 2023"]
[Source "ChessBase"]
[SourceDate "2022.10.05"]
[SourceVersion "1"]
[SourceVersionDate "2022.10.05"]
[SourceQuality "1"]

1. e4 d6 2. d4 g6 3. c4 Nd7 4. Nc3 c5 5. d5 Bg7 6. f4 a6 7. Nf3 b5 8. a3 b4 9. axb4 cxb4 10. Na4 h5 11. Bd3 a5 12. 0-0 Ba6 13. Rb1 Qc7 14. b3 Nh6 15. Bb2 Bxb2 16. Rxb2 Ng4 17. Qa1 Qa7+ 18. Kh1 0-0 19. f5 Qe3 20. Bb1 Ndf6 21. h3 Kg7 22. fxg6 fxg6 23. hxg4 hxg4 24. g3 gxf3 25. Rh2 Rh8 26. Qb2 Rxh2+ 0-1

[Event "Montevideo Trebejos op 03"]
[Site "Montevideo"]
[Date "2021.07.14"]
[Round "6"]
[White "Lopez Falcon, Jorge"]
[Black "Ibanez, Marcelo"]
[Result "1/2-1/2"]
[WhiteElo "2118"]
[BlackElo "2023"]
[PlyCount "51"]
[EventDate "2021.03.08"]
[EventType "swiss"]
[EventRounds "6"]
[EventCountry "URU"]
[SourceTitle "EXT 2022"]
[Source "ChessBase"]
[SourceDate "2021.10.06"]
[SourceVersion "1"]
[SourceVersionDate "2021.10.06"]
[SourceQuality "1"]

1. d4 Nf6 2. c4 g6 3. g3 d5 4. Bg2 dxc4 5. Na3 e5 6. Qa4+ Qd7 7. Qxd7+ Nfxd7 8. Nf3 Bb4+ 9. Bd2 Bxa3 10. bxa3 exd4 11. Nxd4 0-0 12. Rb1 c6 13. 0-0 Nb6 14. Rfc1 Rd8 15. e3 Bf5 16. Rb2 Bd3 17. a4 Rd7 18. a5 Na4 19. Rb4 Nc5 20. Bc3 Nba6 21. Rb2 Rad8 22. Rd2 Na4 23. h3 Nxc3 24. Rxc3 Nc5 25. Rc1 a6 26. Rb2 1/2-1/2

[Event "URU-chT Regional"]
[Site "Punta del Este"]
[Date "2020.11.01"]
[Round "4.2"]
[White "Ibanez, Marcelo"]
[Black "Genta, Alejandro"]
[Result "0-1"]
[WhiteElo "2025"]
[BlackElo "2003"]
[PlyCount "114"]
[EventDate "2020.10.31"]
[EventType "team-swiss"]
[EventRounds "5"]
[EventCountry "URU"]
[SourceTitle "CBM 199 Extra"]
[Source "ChessBase"]
[SourceDate "2021.01.31"]
[SourceVersion "1"]
[SourceVersionDate "2021.01.31"]
[SourceQuality "1"]
[WhiteTeam "Montevideo Piratas II"]
[BlackTeam "Canelones Rodas"]
[WhiteTeamCountry "URU"]
[BlackTeamCountry "URU"]

1. b3 d5 2. Nf3 Nf6 3. Bb2 e6 4. g3 c5 5. Bg2 Nc6 6. d3 Bd6 7. Nbd2 0-0 8. 0-0 e5 9. e4 d4 10. a4 Ne8 11. Nc4 Bc7 12. Ba3 b6 13. Nh4 a6 14. Bc1 Rb8 15. f4 exf4 16. Qe1 b5 17. axb5 axb5 18. Na3 fxg3 19. hxg3 g6 20. Bf4 Ng7 21. e5 Nb4 22. Qd2 Ne6 23. Nf3 Bd7 24. Ng5 Nxf4 25. gxf4 Bf5 26. Be4 Bxe4 27. Qh2 h5 28. Nxe4 Qe7 29. Nf6+ Kg7 30. Qh4 Nd5 31. Rae1 Nxf6 32. exf6+ Qxf6 33. Qf2 b4 34. Nc4 Rfe8 35. Nd2 Qf5 36. Ne4 Re6 37. Re2 Rbe8 38. Qg2 Qg4 39. f5 Qxg2+ 40. Rxg2 Re5 41. fxg6 fxg6 42. Rf6 g5 43. Rc6 Bd8 44. Rxc5 Rxc5 45. Nxc5 g4 46. Ne4 Kg6 47. Kf2 Bg5 48. Kg3 Rf8 49. Re2 Rf3+ 50. Kg2 Be3 51. Nd6 h4 52. Nc4 h3+ 53. Kh2 Kf5 54. Nd6+ Kf4 55. Ne4 Rf1 56. Nd2 Bxd2 57. Rxd2 Kf3 0-1

[Event "Punta del Este Interdepartamental"]
[Site "Punta del Este"]
[Date "2019.08.25"]
[Round "5.4"]
[White "Escofet Fernandez, Jaime"]
[Black "Ibanez, Marcelo"]
[Result "1-0"]
[WhiteElo "1999"]
[BlackElo "2029"]
[PlyCount "67"]
[EventDate "2019.08.23"]
[EventType "team-swiss"]
[EventRounds "5"]
[EventCountry "URU"]
[SourceTitle "EXT 2020"]
[Source "ChessBase"]
[SourceDate "2019.10.17"]
[SourceVersion "1"]
[SourceVersionDate "2019.10.17"]
[SourceQuality "1"]
[WhiteTeam "Treinta y Tres"]
[BlackTeam "Montevideo Piratas"]
[WhiteTeamCountry "URU"]
[BlackTeamCountry "URU"]

1. e4 c5 2. Nf3 e6 3. d4 cxd4 4. Nxd4 a6 5. Bd3 Nc6 6. Nxc6 bxc6 7. c4 Bb4+ 8. Bd2 Qb6 9. 0-0 Bxd2 10. Qxd2 Rb8 11. b3 Ne7 12. Nc3 Ng6 13. Rad1 0-0 14. Be2 e5 15. Na4 Qa7 16. c5 Rd8 17. Bc4 Rb7 18. Qg5 Re8 19. Rd6 Rb4 20. Nb6 Rxc4 21. bxc4 f6 22. Qg4 Qc7 23. Nxc8 Qxc8 24. Qxd7 Qxd7 25. Rxd7 Nf4 26. Rb1 Ne6 27. Rbb7 h5 28. f3 Kh7 29. Re7 Rxe7 30. Rxe7 Nxc5 31. Rc7 Nd3 32. Rxc6 Nb4 33. Rb6 Nxa2 34. c5 1-0

[Event "Montevideo Autumn op 2nd"]
[Site "Montevideo"]
[Date "2019.05.03"]
[Round "1"]
[White "Pelaez, Diego"]
[Black "Ibanez, Marcelo"]
[Result "0-1"]
[WhiteElo "1648"]
[BlackElo "2065"]
[PlyCount "94"]
[EventDate "2019.05.03"]
[EventType "swiss"]
[EventRounds "7"]
[EventCountry "URU"]
[SourceTitle "CBM 190 Extra"]
[Source "ChessBase"]
[SourceDate "2019.07.15"]
[SourceVersion "1"]
[SourceVersionDate "2019.07.15"]
[SourceQuality "1"]

1. d4 g6 2. c4 Bg7 3. Nc3 c6 4. e4 d6 5. Nf3 Nf6 6. Be2 0-0 7. 0-0 Re8 8. Bg5 a5 9. Qd2 Bg4 10. h3 Bxf3 11. Bxf3 e5 12. d5 Na6 13. Rab1 Nc5 14. b4 axb4 15. Rxb4 Ra3 16. Be3 Qa5 17. Rfb1 Ra8 18. dxc6 bxc6 19. Rb8+ Ne8 20. Rxa8 Qxa8 21. Bxc5 dxc5 22. Rb3 Bf8 23. Qb2 Rxb3 24. axb3 Nc7 25. g3 Ne6 26. Ne2 Qb8 27. h4 h5 28. Kh2 Be7 29. Bg2 Qd6 30. Qc1 Qd3 31. Qe3 Qc2 32. Bf3 Nd4 33. Nxd4 cxd4 34. Qe1 Qxb3 35. Bd1 Qxc4 36. Qa5 Qf1 37. Qxe5 Qxf2+ 38. Kh1 Qf6 39. Qb8+ Kg7 40. Bb3 Bd6 41. Qa7 Qf3+ 42. Kg1 Qxg3+ 43. Kf1 Qf4+ 44. Kg1 Be5 45. Qe7 Qe3+ 46. Kf1 Qf3+ 47. Kg1 Bg3 0-1

[Event "URU-ch sf"]
[Site "Montevideo"]
[Date "2019.03.03"]
[Round "4"]
[White "Ibanez, Marcelo"]
[Black "Malan, Lucia"]
[Result "1/2-1/2"]
[WhiteElo "2068"]
[BlackElo "1885"]
[PlyCount "64"]
[EventDate "2019.03.01"]
[EventType "swiss"]
[EventRounds "8"]
[EventCountry "URU"]
[SourceTitle "CBM 189 Extra"]
[Source "ChessBase"]
[SourceDate "2019.06.03"]
[SourceVersion "1"]
[SourceVersionDate "2019.06.03"]
[SourceQuality "1"]

1. d4 d5 2. Bf4 Nf6 3. Nf3 g6 4. e3 Bg7 5. Be2 0-0 6. Nbd2 c5 7. c3 c4 8. Ne5 Bf5 9. g4 Bc8 10. h4 Nfd7 11. Nef3 Nc6 12. e4 dxe4 13. Nxe4 e5 14. Bg5 Qb6 15. d5 Na5 16. Be7 Re8 17. Bb4 Nf6 18. Qa4 Bxg4 19. Nfd2 Bxe2 20. Kxe2 Nxd5 21. Bxa5 Qa6 22. Qa3 Qe6 23. Qd6 Qg4+ 24. Kf1 Nf4 25. Ng3 b6 26. Bb4 Rad8 27. Qc6 e4 28. Bd6 Re6 29. Ndxe4 Rxe4 30. Qxe4 Rxd6 31. Re1 Rd2 32. Ra1 Rd6 1/2-1/2

[Event "Montevideo Cao Memorial"]
[Site "Montevideo"]
[Date "2018.11.14"]
[Round "4"]
[White "Ferrari, Carlos"]
[Black "Ibanez, Marcelo"]
[Result "0-1"]
[WhiteElo "1666"]
[BlackElo "2066"]
[PlyCount "102"]
[EventDate "2018.11.07"]
[EventType "swiss"]
[EventRounds "7"]
[EventCountry "URU"]
[SourceTitle "CBM 187 Extra"]
[Source "ChessBase"]
[SourceDate "2018.11.04"]
[SourceVersion "1"]
[SourceVersionDate "2018.11.04"]
[SourceQuality "1"]

1. e4 e5 2. Nf3 Nc6 3. Bb5 Nge7 4. Nc3 g6 5. 0-0 Bg7 6. h3 0-0 7. a3 b6 8. d3 Bb7 9. Ba4 Nd4 10. Nxd4 exd4 11. Ne2 d5 12. f3 c5 13. Bb3 Rc8 14. Bg5 f6 15. Bh4 Qd7 16. Bg3 Kh8 17. Rc1 f5 18. e5 f4 19. Bxf4 Rxf4 20. Nxf4 Bh6 21. Qd2 Qf5 22. g3 Qg5 23. Qh2 Nf5 24. Ne2 Qe3+ 25. Kh1 c4 26. Ba4 Qxe2 27. Rce1 Qxh2+ 28. Kxh2 Ne3 29. Rf2 a6 30. Bd7 Rc7 31. e6 Bc6 32. dxc4 dxc4 33. Bxc6 Rxc6 34. f4 Rxe6 35. Rg1 Bg7 36. g4 a5 37. f5 gxf5 38. gxf5 Rh6 39. Rf3 Nxc2 40. Rg4 Be5+ 41. Kg1 Ne1 42. Rf1 Nd3 43. Rf3 Rd6 44. Re4 Kg7 45. h4 Bf6 46. b3 b5 47. h5 a4 48. bxc4 bxc4 49. Rg4+ Kf7 50. Rfg3 Ne5 51. Re4 d3 0-1

[Event "Montevideo Trebejos op 07"]
[Site "Montevideo"]
[Date "2018.07.23"]
[Round "5"]
[White "Bell, Enrique"]
[Black "Ibanez, Marcelo"]
[Result "0-1"]
[WhiteElo "1748"]
[BlackElo "2052"]
[PlyCount "62"]
[EventDate "2018.07.11"]
[EventType "swiss"]
[EventRounds "7"]
[EventCountry "URU"]
[SourceTitle "EXT 2019"]
[Source "ChessBase"]
[SourceDate "2018.10.10"]
[SourceVersion "1"]
[SourceVersionDate "2018.10.10"]
[SourceQuality "1"]

1. e4 e5 2. Nf3 Nc6 3. Bc4 Bc5 4. 0-0 Nf6 5. c3 Qe7 6. d4 Bb6 7. a4 a6 8. Bg5 0-0 9. h3 h6 10. Bh4 g5 11. Bg3 exd4 12. cxd4 Nxd4 13. Ne5 Kg7 14. Nc3 d6 15. Nf3 Nxf3+ 16. Qxf3 Bd4 17. Rfe1 c6 18. Rad1 Be5 19. Ne2 b5 20. axb5 axb5 21. Bb3 Ra7 22. Nd4 Bd7 23. Nf5+ Bxf5 24. exf5 Qc7 25. h4 g4 26. Qd3 Bxg3 27. Qxg3 d5 28. Re5 Re8 29. f4 h5 30. Qc3 b4 31. Qe3 Raa8 0-1

[Event "Montevideo Trebejos op 07"]
[Site "Montevideo"]
[Date "2018.07.16"]
[Round "3"]
[White "Ibanez, Marcelo"]
[Black "Lopez Falcon, Jorge"]
[Result "0-1"]
[WhiteElo "2052"]
[BlackElo "2119"]
[PlyCount "62"]
[EventDate "2018.07.11"]
[EventType "swiss"]
[EventRounds "7"]
[EventCountry "URU"]
[SourceTitle "EXT 2019"]
[Source "ChessBase"]
[SourceDate "2018.10.10"]
[SourceVersion "1"]
[SourceVersionDate "2018.10.10"]
[SourceQuality "1"]

1. e4 c5 2. Nf3 d6 3. d4 cxd4 4. Nxd4 Nf6 5. Nc3 g6 6. f3 Bg7 7. Be3 0-0 8. Qd2 Nc6 9. 0-0-0 d5 10. Qe1 e5 11. Nb3 d4 12. Bg5 h6 13. Bh4 Qb6 14. Na4 Qc7 15. Nac5 a5 16. Kb1 b6 17. Nd3 Be6 18. g4 Rfc8 19. Qd2 Nb4 20. Bg3 Nd7 21. Ne1 Qc6 22. a3 Nxc2 23. Nc1 Ne3 24. Be2 b5 25. Bf2 Nxd1 26. Bxd1 b4 27. a4 b3 28. Bxb3 Bxb3 29. Nxb3 Qxa4 30. Nc1 Rab8 31. Ned3 Rc3 0-1

[Event "URU-chTA"]
[Site "Montevideo"]
[Date "2018.07.08"]
[Round "5.34"]
[White "Ibanez, Marcelo"]
[Black "Bon, Charles"]
[Result "1-0"]
[WhiteElo "2052"]
[BlackElo "1643"]
[PlyCount "77"]
[EventDate "2018.07.06"]
[EventType "team-swiss"]
[EventRounds "5"]
[EventCountry "URU"]
[SourceTitle "EXT 2019"]
[Source "ChessBase"]
[SourceDate "2018.10.10"]
[SourceVersion "1"]
[SourceVersionDate "2018.10.10"]
[SourceQuality "1"]
[WhiteTeam "Trebejos Piratas"]
[BlackTeam "Cerro Nau64"]
[WhiteTeamCountry "URU"]
[BlackTeamCountry "URU"]

1. c4 Nf6 2. g3 g6 3. Bg2 Bg7 4. Nc3 c5 5. d3 0-0 6. Nf3 Nc6 7. 0-0 a6 8. e4 d6 9. h3 Rb8 10. a4 Bd7 11. Be3 Re8 12. e5 Nxe5 13. Nxe5 dxe5 14. Bxc5 Qc7 15. Be3 Bc6 16. Qe2 Bxg2 17. Kxg2 e6 18. a5 Nd7 19. Na4 Qc6+ 20. f3 Rbc8 21. Rfc1 Bf8 22. Nc3 Bc5 23. Re1 Bxe3 24. Qxe3 Nc5 25. b4 Nb3 26. Rad1 Nd4 27. Ne4 Kg7 28. Qg5 f5 29. Qf6+ Kg8 30. Ng5 Rf8 31. Qxe5 h6 32. Qxd4 hxg5 33. Qe3 f4 34. Qxe6+ Qxe6 35. Rxe6 Kg7 36. c5 Rf7 37. d4 Rcf8 38. g4 Rd7 39. d5 1-0

[Event "Montevideo Duchamp Cup 2nd"]
[Site "Montevideo"]
[Date "2018.02.08"]
[Round "9"]
[White "Pena Canapa, Alfredo"]
[Black "Ibanez, Marcelo"]
[Result "1/2-1/2"]
[WhiteElo "1893"]
[BlackElo "2052"]
[PlyCount "50"]
[EventDate "2018.02.02"]
[EventType "swiss"]
[EventRounds "9"]
[EventCountry "URU"]
[SourceTitle "CBM 182 Extra"]
[Source "ChessBase"]
[SourceDate "2018.02.23"]
[SourceVersion "1"]
[SourceVersionDate "2018.02.23"]
[SourceQuality "1"]

1. d4 Nf6 2. c4 g6 3. Nf3 Bg7 4. Nc3 d6 5. e4 0-0 6. h3 Nbd7 7. Be3 c6 8. Be2 Qc7 9. 0-0 Re8 10. Qd2 e5 11. d5 c5 12. a3 a6 13. b4 b6 14. Bd3 Nh5 15. Rfe1 Nf8 16. bxc5 bxc5 17. Reb1 f5 18. Bh6 f4 19. Bxg7 Qxg7 20. Be2 Nd7 21. Ng5 Ndf6 22. Rb6 Qc7 23. Rab1 h6 24. Nf3 Re7 25. Qd1 Ng7 1/2-1/2

[Event "Montevideo Duchamp Cup 2nd"]
[Site "Montevideo"]
[Date "2018.02.04"]
[Round "5"]
[White "Ibanez, Marcelo"]
[Black "Zaruski, Julio"]
[Result "0-1"]
[WhiteElo "2052"]
[BlackElo "1864"]
[PlyCount "160"]
[EventDate "2018.02.02"]
[EventType "swiss"]
[EventRounds "9"]
[EventCountry "URU"]
[SourceTitle "CBM 182 Extra"]
[Source "ChessBase"]
[SourceDate "2018.02.23"]
[SourceVersion "1"]
[SourceVersionDate "2018.02.23"]
[SourceQuality "1"]

1. d4 d5 2. Bf4 Nf6 3. e3 c5 4. c3 Nc6 5. Nd2 cxd4 6. exd4 a6 7. Ngf3 Bg4 8. Bd3 e6 9. a4 Bd6 10. Bg3 0-0 11. Qb3 Rb8 12. Ne5 Bf5 13. Qc2 Bxd3 14. Qxd3 Qc7 15. f4 Ne7 16. 0-0 Nf5 17. Bf2 Be7 18. Rae1 Nd6 19. Bh4 Nfe4 20. Bxe7 Qxe7 21. Nxe4 Nxe4 22. f5 f6 23. Ng4 Qd7 24. fxe6 Qxe6 25. Ne3 f5 26. b3 b5 27. axb5 axb5 28. Rf3 g6 29. Nc2 Qd6 30. c4 bxc4 31. bxc4 dxc4 32. Qxc4+ Kg7 33. Qd3 Rbc8 34. Ne3 Rc3 35. Qd1 Rfc8 36. g4 Ng5 37. Rxf5 Rc1 38. Rxg5 Rxd1 39. Nf5+ Kf6 40. Nxd6 Rxe1+ 41. Kf2 Kxg5 42. Kxe1 Rc2 43. h3 Kh4 44. Nf7 Kxh3 45. Ng5+ Kxg4 46. Nxh7 Kf5 47. Nf8 Rc7 48. d5 Rf7 49. Ne6 Ke5 50. Nd8 Rd7 51. Nc6+ Kxd5 52. Nb4+ Ke4 53. Kf2 g5 54. Kg3 Kf5 55. Nc6 Rd3+ 56. Kg2 g4 57. Nb4 Rb3 58. Nd5 Ke5 59. Ne7 Kf4 60. Ng6+ Kg5 61. Ne5 Kh5 62. Kh2 Kh4 63. Ng6+ Kg5 64. Ne5 Kf5 65. Nc6 Rb2+ 66. Kg3 Kg5 67. Nd4 Ra2 68. Ne6+ Kf6 69. Nc5 Kf5 70. Nb7 Ra3+ 71. Kg2 Kf4 72. Nc5 Ra2+ 73. Kg1 Kg3 74. Ne4+ Kf3 75. Ng5+ Ke3 76. Ne6 g3 77. Ng5 g2 78. Kh2 Kf2 79. Nh3+ Kf1 80. Ng1 Ra3 0-1

[Event "Montevideo Duchamp Cup 2nd"]
[Site "Montevideo"]
[Date "2018.02.03"]
[Round "3"]
[White "Quevedo, Andreina"]
[Black "Ibanez, Marcelo"]
[Result "0-1"]
[WhiteElo "1785"]
[BlackElo "2052"]
[PlyCount "54"]
[EventDate "2018.02.02"]
[EventType "swiss"]
[EventRounds "9"]
[EventCountry "URU"]
[SourceTitle "CBM 182 Extra"]
[Source "ChessBase"]
[SourceDate "2018.02.23"]
[SourceVersion "1"]
[SourceVersionDate "2018.02.23"]
[SourceQuality "1"]

1. e4 c6 2. d4 g6 3. Nc3 Bg7 4. Nf3 d6 5. Be3 Qc7 6. Qd2 Nd7 7. h3 b5 8. Bd3 Ngf6 9. Bh6 0-0 10. 0-0 a6 11. Rfe1 e5 12. Bxg7 Kxg7 13. dxe5 dxe5 14. Ne2 Re8 15. Ng3 Nf8 16. Rad1 Ne6 17. c3 Rd8 18. Qe3 c5 19. Bc2 Bb7 20. Ng5 Nf4 21. Ne2 h6 22. Nf3 Ne6 23. b3 Rac8 24. Rd2 Rxd2 25. Nxd2 Rd8 26. g3 Ng5 27. Kh2 Rxd2 0-1